Wordt geladen...
Upkar's teacher eligibility test
| Hoofdauteur: | |
|---|---|
| Andere auteurs: | , |
| Formaat: | Printed Book |
| Gepubliceerd in: |
Agra
Upkar prakashan
|
| Onderwerpen: |
| LEADER | 00465nam a2200157 4500 | ||
|---|---|---|---|
| 020 | |a 9789350134054 | ||
| 082 | |a 371.1076 |b ANA/U | ||
| 100 | |a Anand, S | ||
| 245 | |a Upkar's teacher eligibility test | ||
| 260 | |a Agra |b Upkar prakashan | ||
| 650 | |a teaching aptitude | ||
| 700 | |a Singh | ||
| 700 | |a Gupta | ||
| 942 | |c CC | ||
| 999 | |c 56509 |d 56509 | ||
| 952 | |0 0 |1 0 |4 0 |6 371_107600000000000_ANAU |7 0 |9 63597 |a KUCL |c Reference |d 2019-03-19 |g 365.00 |l 0 |o 371.1076 ANA/U |p 49339 |r 2019-03-19 |y CC | ||